PROFESÖR KİP İLE TÜRKÇE 3 İŞARETLER ARASINDAN KAÇIŞ (Record no. 644708)

MARC details
000 -LEADER
sabit uzunluktaki kontrol alanı 00287nam a2200097Ia 4500
001 - KONTROL NUMARASI
kontrol alanı 644708
005 - EN SON İŞLEMİN TARİH VE ZAMANI
kontrol alanı 20250826153610.0
008 - SABİT-UZUNLUKTA VERİ ÖĞELERİ--GENEL BİLGİ
sabit uzunluktaki kontrol alanı 250824s9999 xx 000 0 und d
245 #0 - ESER / YAZAR
ESER ADI PROFESÖR KİP İLE TÜRKÇE 3 İŞARETLER ARASINDAN KAÇIŞ
Yazar Adı BİRSEN EKİM ÖZEN
260 ## - YAYIN, DAĞITIM, VB.
YAYIN EVİ TİMAŞ ÇOCUK
Holdings
Düşüm durumu Kayıp durumu Hasar Durumu Ödünç verilmez Ana kütüphane Geçerli Kütüphane Edinilen tarih Toplam ödünç verme sayısı Barkod Son görüntüleme tarihi Son ödünç verme tarihi Fiyatın geçerli olmaya başladığı tarih Koha materyal türü
        AKINCILAR AHMET HAŞHAŞ İLKOKULU AKINCILAR AHMET HAŞHAŞ İLKOKULU 24.08.2025 1 10042390 20.11.2025 06.11.2025 26.08.2025 Books